| 000 | 02695cam a2200301 i 4500 | ||
|---|---|---|---|
| 003 | SA-RiAUC | ||
| 005 | 20250730053226.0 | ||
| 008 | 250729s1981 le a g b 001 0 ara c | ||
| 024 | 0 | _a00000000858849 | |
| 040 |
_aSA-JeALM _bara _cSA-RiAUC _dAE-DuMBRL _erda |
||
| 043 | _aa-su--- | ||
| 050 | 4 | _bM87 1981 | |
| 082 | 0 | 4 |
_a720.953122 _qSA-RiAUC |
| 090 |
_a720.953122 _bم ص ط |
||
| 100 | 1 |
_aمصطفى، صالح لمعي _eمؤلف. |
|
| 245 | 1 | 0 |
_aالمدينة المنورة : _bتطورها العمراني وتراثها المعماري / _cصالح لمعي مصطفى. |
| 264 | 1 |
_aبيروت : _bدار النهضة العربية، _c1981. |
|
| 300 |
_a356 صفحة : _bإيضاحيات ؛ _c28 × 20 سم |
||
| 336 |
_aنص _btxt _2rdacontent _3كتاب |
||
| 337 |
_aبدون وسيط _bn _2rdamedia |
||
| 338 |
_aمجلد _bnc _2rdacarrier |
||
| 504 | _aببليوجرافية : صفحة 339-341. | ||
| 520 | _aالمدينة المنورة، مدينة رسول الله-صلى الله عليه وسلم-أول مدينة عربية إسلامية، مرت بمراحل عديدة قبل أن تتطور وتكون على ما هي عليه الآن، تقع المدينة في الحجاز على هضبة تتدرج ببطء في الاتجاه الشمالي يحدها من المشال جبل أحد، ومن الشمال الغربي جبل سلع ومن الجنوب الغربي جبل عير والذي يقع على حوالي أربعة كيلومترات من مركزها الحالي، أما من الشرق فيتخذها مجموعة من الحرات التي تتكون من صخور بازلية. وفي هذا الكتاب يقدم المؤلف وهو خبير للتراث الحضاري بمشروع تخطيط المدينة المنورة دراسة لخصائص المدينة وللمراحل التاريخية التي تعاقبت عليها وعملت على تحديد شكلها ومعالمها في كل فترة. كما يقدم في هذا الكتاب تحليلا هندسيا للتراث الحضاري المعماري بالمدينة يهدف تبيان خصائص ومميزات هذه العمارة وقد استند المؤلف في دراسته على المراجع والمصادر العربية مثل كتاب وفاء الوفاء للسمهودي الذي عاش بالمدينة منذ عام 873 هـ / 1468 م، وغيرها من الدراسات المعتمدة والقيمة. | ||
| 650 | 7 |
_aالعمارة الإسلامية _zالمدينة المنورة _2aucsh |
|
| 651 | 7 |
_aالمدينة المنورة _xآثار _2aucsh |
|
| 942 |
_2ddc _cBOOK _n0 |
||
| 949 |
_aSA-JeALM _d250729 _uosman123 _n1 |
||
| 999 |
_c10385 _d10385 |
||